000 00313nam a22001337a 4500
008 171002b xxu||||| |||| 00| 0 eng d
020 _a9781429232050
041 _aeng
080 _a37
100 _a47
101 _aEDU
245 _aTHE DEVELOPING PERSON THROUGH THE LIFE SPAN
_cBERGER, K.S
942 _2udc
_cBK
999 _c31170
_d31170